000 00762nam a2200229Ia 4500
003 OSt
005 20260204122521.0
008 220923b |||||||| |||| 00| 0 eng d
037 _cGeneral Book
040 _aRTL
_cRTL
_beng
041 _2eng
_aeng
084 _aX:8N91 , L3
_qRTL
100 _aVardaman George T
_9319286
245 0 _aCommunication in modern organizations
260 _aNew York
_bJohn Wiley USA
_c1973
300 _axvi , 516 p.
_bIncludes bibliographical references and index
490 _aWiley series in management and administration
650 _aPublic Relation Management
_91113626
700 _a Vardaman Patricia Black
_9319287
_eCo-Author
942 _hX:8N91 , L3
_cGB
_2CC
_n0
999 _c627198
_d627198